000
00340nam a22001337a 4500
005
20231214154435.0
008
231214b |||||||| |||| 00| 0 eng d
082
_a
001.42
_b
SCH-S
100
_a
Schaeffer; Nora. Cate
245
_a
The Science of Asking Questions
500
_a
Copy of a topic.
650
_a
Sociology/Research
999
_c
34927
_d
34927